000 00690nam a22001817a 4500
020 _qHard Cover.
082 _a004
100 _aMuhammad Aasharib Nawshad ; Muhammad Salemm ; Muhammad Usama Ajmal
245 _aToAR (An Augmented Reality Tourist Guide Application)
_cMuhammad Aasharib Nawshad ; Muhammad Salemm ; Muhammad Usama Ajmal
260 _aIslamabad :
_bSEECS - NUST,
_c2019.
300 _a60 p. ; ill. ;
_c30cm.
563 _aHBK
650 _aEngineering in Software-Project Report.
_930862
700 _aDr. Qaiser Riaz.
_919301
856 _uhttp://10.250.8.41:8080/xmlui/handle/123456789/18546
942 _2ddc
_cPR
999 _c535921
_d535921